[Event "San Francisco Powell Memorial G/45"]
[Site "San Francisco"]
[Date "2006.05.06"]
[Round "3"]
[White "Vayntrub, Dmitry"]
[Black "Kislik, Erik Andrew"]
[Result "1-0"]
[WhiteElo "2120"]
[BlackElo "1963"]
[PlyCount "63"]
[EventDate "2006.05.06"]
[EventType "swiss (rapid)"]
[EventRounds "5"]
[EventCountry "USA"]
[SourceTitle "EXT 2007"]
[Source "ChessBase"]
[SourceDate "2006.11.23"]
[SourceVersion "1"]
[SourceVersionDate "2006.11.23"]
[SourceQuality "1"]

1. c4 Nf6 2. g3 g6 3. Bg2 Bg7 4. Nc3 0-0 5. Nf3 d6 6. d4 Nc6 7. 0-0 e5 8. d5 Ne7 9. Bg5 h6 10. Bd2 Kh8 11. e4 Nfg8 12. Ne1 c5 13. Nd3 g5 14. a3 Ng6 15. b4 b6 16. Qe2 Bd7 17. b5 Qc8 18. a4 Bh3 19. a5 Bxg2 20. Kxg2 Rb8 21. axb6 axb6 22. Ra6 N8e7 23. Rfa1 f5 24. exf5 Nxf5 25. Qe4 Nfh4+ 26. gxh4 Nxh4+ 27. Kf1 Qh3+ 28. Ke2 Nf3 29. Kd1 Qf1+ 30. Kc2 Qh3 31. Ra7 Qh5 32. Rd7 1-0

[Event "Imre Konig Memorial g/45"]
[Site "San Francisco"]
[Date "2006.04.15"]
[Round "1"]
[White "Rodel, Max"]
[Black "Vayntrub, Dmitry"]
[Result "0-1"]
[WhiteElo "1700"]
[BlackElo "2120"]
[PlyCount "50"]
[EventDate "2006.04.15"]
[EventType "swiss (rapid)"]
[EventRounds "5"]
[EventCountry "USA"]
[SourceTitle "EXT 2007"]
[Source "ChessBase"]
[SourceDate "2006.11.23"]
[SourceVersion "1"]
[SourceVersionDate "2006.11.23"]
[SourceQuality "1"]

1. e4 c5 2. Nf3 d6 3. d4 cxd4 4. Nxd4 Nf6 5. Nc3 g6 6. Be3 Bg7 7. f3 0-0 8. Qd2 Nc6 9. 0-0-0 Nxd4 10. Bxd4 Be6 11. Kb1 Qc7 12. Nd5 Bxd5 13. exd5 Rfc8 14. h4 Nxd5 15. Bxg7 Kxg7 16. c3 Nf6 17. g4 h5 18. gxh5 Nxh5 19. Bh3 Rh8 20. f4 Nf6 21. f5 Rxh4 22. fxg6 fxg6 23. Rdg1 Rah8 24. Qg5 R8h6 25. Bf5 Rxh1 0-1

[Event "San Francisco Bernardo Smith Memorial"]
[Site "San Francisco"]
[Date "2005.08.20"]
[Round "1"]
[White "Dailey, Sean"]
[Black "Vayntrub, Dmitry"]
[Result "0-1"]
[WhiteElo "1839"]
[BlackElo "2075"]
[PlyCount "96"]
[EventDate "2005.08.20"]
[EventType "swiss"]
[EventRounds "6"]
[EventCountry "USA"]
[SourceTitle "EXT 2007"]
[Source "ChessBase"]
[SourceDate "2006.11.23"]
[SourceVersion "1"]
[SourceVersionDate "2006.11.23"]
[SourceQuality "1"]

1. Nf3 c5 2. d4 cxd4 3. Nxd4 Nc6 4. g3 g6 5. Bg2 Bg7 6. Nf3 Nf6 7. c4 0-0 8. 0-0 d6 9. Nc3 Be6 10. Nd2 Na5 11. Rb1 Nd7 12. Nd5 Ne5 13. b3 Bf5 14. Ne4 Nac6 15. Bg5 h6 16. Bd2 Rb8 17. Ne3 Be6 18. Nc3 Qd7 19. Ned5 Bh3 20. Qc1 Bxg2 21. Kxg2 h5 22. Bh6 Ng4 23. Bxg7 Kxg7 24. Qd2 f6 25. Rbd1 Rh8 26. h4 Nh6 27. f4 Ng4 28. Ne4 Qe6 29. Nf2 Nxf2 30. Rxf2 Rbc8 31. Qd3 b6 32. e4 Qf7 33. Re1 Rhf8 34. Qe2 Qe8 35. f5 gxf5 36. exf5 Ne5 37. Nf4 Rh8 38. Ne6+ Kf7 39. Rf4 Qc6+ 40. Kh3 Rcg8 41. Nd4 Qb7 42. Ref1 Rg7 43. Ne6 Rg4 44. Rxg4 hxg4+ 45. Kh2 Nf3+ 46. Rxf3 Qxf3 47. Ng5+ fxg5 48. Qe6+ Kf8 0-1

[Event "Imre Konig Memorial"]
[Site "San Francisco"]
[Date "2005.04.16"]
[Round "5"]
[White "Luke, Gary"]
[Black "Vayntrub, Dmitry"]
[Result "0-1"]
[WhiteElo "1815"]
[BlackElo "2078"]
[PlyCount "72"]
[EventDate "2005.04.16"]
[EventType "swiss (rapid)"]
[EventRounds "5"]
[EventCountry "USA"]
[SourceTitle "EXT 2024"]
[Source "ChessBase"]
[SourceDate "2023.10.10"]
[SourceVersion "1"]
[SourceVersionDate "2023.10.10"]
[SourceQuality "1"]

1. e4 c5 2. Nf3 d6 3. d4 cxd4 4. Nxd4 Nf6 5. Nc3 g6 6. Be2 Bg7 7. 0-0 Nc6 8. Be3 0-0 9. f4 Bd7 10. Kh1 a6 11. Nb3 b5 12. a3 Rc8 13. h3 Na5 14. Nxa5 Qxa5 15. e5 Rxc3 16. bxc3 Ne4 17. Rf3 Nxc3 18. Qd2 Qc7 19. Bd3 dxe5 20. fxe5 Bxe5 21. Raf1 Bc6 22. R3f2 f5 23. Bf4 Bxf4 24. Qxf4 Qxf4 25. Rxf4 e5 26. R4f2 e4 27. Be2 e3 28. Bf3 Be8 29. Re2 Nxe2 30. Bxe2 Bc6 31. Kh2 f4 32. c4 Kg7 33. Rc1 bxc4 34. Bxc4 Bb5 35. Bxb5 axb5 36. Re1 Ra8 0-1